BIBLIOTHÈQUE DE LA MAISON DU MEXIQUE

Logo 1 Logo 2

México por Tacuba (notice nᵒ 10407)

détails MARC
000 -Sello discográfico
campo de control de longitud fija 00962nam a2200313 4500
005 - Identificación de versión
campo de control 20251016083253.0
010 ## - Número Estándar Internacional de Libros (ISBN)
Número (ISBN) 970-18-4856-X
099 ## - fechas locales
Tipo de ítem Koha LIBRO
100 ## - Datos de procesamiento general
Datos de procesamiento general 20040106d2000 m y1spay5003 ba
105 ## - Campo de datos codificados: Material textual, monográfico
Datos codificados de monografía y 001zb
200 1# - Título y mención de responsabilidad
Título propio México por Tacuba
Designación general del material texto impreso
Otra información del título pasajes autobiográficos
Primer mención de responsabilidad Federico Silva
205 ## - Declaración de edición
Declaración de edición 1a ed
210 ## - Publicación, distribución, etc.
Lugar de publicación, distribución, etc. México
Nombre del editor, distribuidor, etc. Consejo Nacional para la Cultura y las Artes
Fecha de publicación, distribución, etc. 2000
215 ## - Descripción física
Designación de material específico y extensión del ítem 187 p
Dimensiones 21 cm
300 ## - Notas generales
Texto de la nota Incluye índice onomástico
345 ## - Nota de información de adquisición
Fuente de adquisición/dirección de la suscripción [OBSOLETO] Donación
410 #1 - Series
Título Memorias mexicanas
600 ## - Nombre personal usado como materia
Elemento de entrada Silva
Parte del nombre distinta del elemento de entrada Federico
Fechas 1923-2022
Número Koha 3714
606 ## - Término temático usado como materia
Elemento de entrada Artistas
Subdivisión geográfica México
Subdivisión temática Biografía
Número Koha 5413
660 ## - Código de área geográfica
Código MX
700 ## - Nombre personal - Responsabilidad primaria
Elemento de entrada Silva
Parte del nombre distinta del elemento de entrada Federico
Fechas 1923-2022
Número Koha 3714
801 #0 - Fuente de origen
Agencia cm
900 ## -
-- 1/5798
900 ## -
-- 7100417559\060104
942 ## - ELEMENTOS DE ENTRADA SECUNDARIOS (KOHA)
Tipo de ítem Koha Livre
996 ## -
-- MEX
-- 751145101
-- MMAG
-- 003018
-- 920 S586M
-- 20200929LIV
Exemplaires
Estatus retirado Estado de daño Estado de pérdida Fecha de adquisición Biblioteca de origen Biblioteca actual Ubicación en estantería Código de barras Precio de reemplazo Signatura topográfica completa No para préstamo Tipo de ítem Koha Nota pública Nota no pública
      05/08/2025 Casa México Paris Casa México Paris   003018 05/08/2025 920 S586M   Livre 20200929LIV 751145101